[Event "Fajr-urmia"]
[Site "urmia"]
[Date "2015.02.21"]
[Round "6.3"]
[White "Asgarizadeh, Ahmad"]
[Black "Mirzoev, Azer"]
[Result "0-1"]
[LiveChessVersion "1.4.4"]
[BlackElo "2556"]
[WhiteElo "2424"]

1. e4 {[%clk 1:29:45]} e6 {[%clk 1:30:52]} 2. d4 {[%clk 1:29:56]} d5
{[%clk 1:31:17]} 3. Nc3 {[%clk 1:30:14]} Bb4 {[%clk 1:31:39]} 4. e5
{[%clk 1:30:30]} c5 {[%clk 1:32:01]} 5. a3 {[%clk 1:30:47]} Ba5 {[%clk 1:32:23]}
6. b4 {[%clk 1:30:07]} cxd4 {[%clk 1:32:46]} 7. Qg4 {[%clk 1:29:46]} Kf8
{[%clk 1:32:39]} 8. Nb5 {[%clk 1:27:49]} Bc7 {[%clk 1:32:59]} 9. Qxd4
{[%clk 1:25:43]} Nc6 {[%clk 1:25:56]} 10. Qc5+ {[%clk 1:25:49]} Nge7
{[%clk 1:26:14]} 11. Nxc7 {[%clk 1:25:11]} Qxc7 {[%clk 1:26:38]} 12. Nf3
{[%clk 1:17:51]} a6 {[%clk 1:21:29]} 13. Bd3 {[%clk 1:08:51]} Bd7
{[%clk 1:21:29]} 14. Bb2 {[%clk 1:07:03]} Rc8 {[%clk 1:21:28]} 15. O-O
{[%clk 1:05:45]} Kg8 {[%clk 1:19:13]} 16. Rfe1 {[%clk 0:59:56]} Ng6
{[%clk 1:16:11]} 17. c4 {[%clk 0:52:08]} Nce7 {[%clk 1:11:33]} 18. Qxc7
{[%clk 0:47:43]} Rxc7 {[%clk 1:10:33]} 19. cxd5 {[%clk 0:41:49]} Nxd5
{[%clk 1:10:56]} 20. Rac1 {[%clk 0:42:11]} Rxc1 {[%clk 1:10:41]} 21. Rxc1
{[%clk 0:40:29]} h6 {[%clk 1:10:01]} 22. Be4 {[%clk 0:30:11]} Nge7
{[%clk 1:10:00]} 23. Bd4 {[%clk 0:28:32]} Bc6 {[%clk 1:07:07]} 24. Bc5
{[%clk 0:23:02]} Nf4 {[%clk 1:02:59]} 25. Rc4 {[%clk 0:14:48]} Bxe4
{[%clk 0:58:48]} 26. Bxe7 {[%clk 0:11:31]} Nd5 {[%clk 0:54:33]} 27. Rxe4
{[%clk 0:10:25]} Nxe7 {[%clk 0:54:56]} 28. Rc4 {[%clk 0:10:51]} Nd5
{[%clk 0:55:16]} 29. Kf1 {[%clk 0:09:19]} Kh7 {[%clk 0:55:38]} 30. Ke2
{[%clk 0:09:47]} Rd8 {[%clk 0:55:23]} 31. g3 {[%clk 0:09:48]} g6 {[%clk 0:55:48]}
32. Nd2 {[%clk 0:09:06]} g5 {[%clk 0:42:01]} 33. Ne4 {[%clk 0:08:50]} Kg6
{[%clk 0:42:24]} 34. Nd6 {[%clk 0:08:34]} b6 {[%clk 0:42:29]} 35. Rc6
{[%clk 0:07:56]} h5 {[%clk 0:40:58]} 36. Nc4 {[%clk 0:06:10]} b5 {[%clk 0:39:02]}
37. Nd6 {[%clk 0:05:55]} Ra8 {[%clk 0:37:49]} 38. Kf3 {[%clk 0:03:05]} a5
{[%clk 0:37:43]} 39. Nxb5 {[%clk 0:03:30]} axb4 {[%clk 0:38:06]} 40. axb4
{[%clk 0:03:59]} Nxb4 {[%clk 0:38:11]} 41. Rc3 {[%clk 0:02:31]} Ra5
{[%clk 0:37:19]} 42. Nd6 {[%clk 0:02:01]} Rxe5 {[%clk 0:37:33]} 43. Rc7
{[%clk 0:02:09]} Rd5 {[%clk 0:37:11]} 44. Ne4 {[%clk 0:02:08]} Nd3
{[%clk 0:36:30]} 45. h3 {[%clk 0:01:47]} Ne5+ {[%clk 0:35:29]} 46. Ke3
{[%clk 0:01:48]} Nd7 {[%clk 0:28:23]} 47. Ra7 {[%clk 0:01:44]} Nb6
{[%clk 0:26:38]} 48. Kf3 {[%clk 0:01:12]} h4 {[%clk 0:25:42]} 49. gxh4
{[%clk 0:01:04]} gxh4 {[%clk 0:26:09]} 50. Kg2 {[%clk 0:01:06]} Rd4
{[%clk 0:23:47]} 51. Nc3 {[%clk 0:01:25]} Rc4 {[%clk 0:23:30]} 52. Ra6
{[%clk 0:00:47]} Nd7 {[%clk 0:23:07]} 53. Nd5 {[%clk 0:00:47]} Ne5
{[%clk 0:23:02]} 54. Ne3 {[%clk 0:01:05]} Rb4 {[%clk 0:23:12]} 55. Rd6
{[%clk 0:00:50]} Kg7 {[%clk 0:23:11]} 56. Rd2 {[%clk 0:00:56]} Ng6
{[%clk 0:23:26]} 57. Kh2 {[%clk 0:00:46]} Ra4 {[%clk 0:23:43]} 58. Ng2
{[%clk 0:00:44]} f5 {[%clk 0:24:00]} 59. Ne3 {[%clk 0:00:52]} Kf6
{[%clk 0:24:21]} 60. Rb2 {[%clk 0:00:42]} Ne5 {[%clk 0:22:45]} 61. Kg2
{[%clk 0:01:00]} Nd3 {[%clk 0:22:36]} 62. Rd2 {[%clk 0:01:01]} Nf4+
{[%clk 0:22:53]} 63. Kh2 {[%clk 0:01:24]} Ra3 {[%clk 0:23:12]} 64. Rb2
{[%clk 0:00:53]} Kg5 {[%clk 0:23:02]} 65. Rc2 {[%clk 0:00:56]} Nd3
{[%clk 0:21:39]} 66. Nc4 {[%clk 0:00:43]} Ra1 {[%clk 0:21:21]} 67. Re2
{[%clk 0:00:45]} Kf6 {[%clk 0:16:46]} 68. Ne3 {[%clk 0:00:50]} Nf4
{[%clk 0:16:06]} 69. Rc2 {[%clk 0:00:58]} Ng6 {[%clk 0:16:05]} 70. Rb2
{[%clk 0:00:53]} Kg5 {[%clk 0:16:27]} 71. Nc2 {[%clk 0:00:40]} Ra6
{[%clk 0:16:30]} 72. Nd4 {[%clk 0:00:42]} e5 {[%clk 0:16:16]} 73. Nf3+
{[%clk 0:00:53]} Kf4 {[%clk 0:16:16]} 74. Ng1 {[%clk 0:00:42]} Ra3
{[%clk 0:15:50]} 75. Kg2 {[%clk 0:00:39]} Kg5 {[%clk 0:14:18]} 76. Ne2
{[%clk 0:00:38]} e4 {[%clk 0:14:34]} 77. Rb5 {[%clk 0:00:40]} Rd3
{[%clk 0:14:23]} 78. Ra5 {[%clk 0:00:45]} Rd2 {[%clk 0:09:21]} 79. Kf1
{[%clk 0:01:13]} Ne7 {[%clk 0:09:23]} 80. Nc3 {[%clk 0:00:59]} Rd4
{[%clk 0:09:26]} 81. Ne2 {[%clk 0:00:37]} Rd1+ {[%clk 0:09:08]} 82. Kg2
{[%clk 0:01:05]} Nd5 83. Rc5 {[%clk 0:01:09]} Rd3 {[%clk 0:08:19]} 84. Kh2
{[%clk 0:00:49]} Rd2 {[%clk 0:08:02]} 85. Kg1 {[%clk 0:01:18]} Nb4
{[%clk 0:06:51]} 86. Nc3 {[%clk 0:00:40]} Kf4 {[%clk 0:06:11]} 87. Rb5
{[%clk 0:00:39]} Nd3 {[%clk 0:06:10]} 88. Rd5 {[%clk 0:00:36]} Rc2
{[%clk 0:04:47]} 89. Nb5 {[%clk 0:00:59]} Nxf2 {[%clk 0:03:28]} 90. Rxf5+
{[%clk 0:00:56]} Kxf5 {[%clk 0:03:52]} 91. Nd4+ {[%clk 0:01:24]} Kf4
{[%clk 0:04:16]} 92. Nxc2 {[%clk 0:01:52]} Kg3 {[%clk 0:04:35]} 93. Ne3
{[%clk 0:01:51]} Nxh3+ {[%clk 0:04:58]} 94. Kf1 {[%clk 0:02:19]} Nf4
{[%clk 0:04:29]} 95. Kg1 {[%clk 0:02:17]} h3 {[%clk 0:04:28]} 96. Nf1+
{[%clk 0:02:27]} Kf3 {[%clk 0:04:27]} 97. Nd2+ {[%clk 0:01:57]} Ke3
{[%clk 0:04:52]} 98. Nf1+ {[%clk 0:02:23]} Ke2 {[%clk 0:05:10]} 99. Ng3+
{[%clk 0:02:42]} Kf3 {[%clk 0:05:33]} 100. Nf5 {[%clk 0:03:11]} e3
{[%clk 0:05:41]} 101. Nd4+ {[%clk 0:03:35]} Ke4 {[%clk 0:05:49]} 102. Nc2
{[%clk 0:03:59]} e2 {[%clk 0:05:40]} 103. Kh2 {[%clk 0:04:12]} Kd3
{[%clk 0:05:21]} 104. Ne1+ {[%clk 0:04:37]} Kd2 {[%clk 0:05:45]} 0-1

[Event "Fajr-urmia"]
[Site "urmia"]
[Date "2015.02.21"]
[Round "6.4"]
[White "Godarz, Kasra"]
[Black "Starostits, Ilmars"]
[Result "0-1"]
[LiveChessVersion "1.4.4"]
[BlackElo "2454"]
[WhiteElo "2123"]

1. e4 {[%clk 1:30:27]} c5 {[%clk 1:30:53]} 2. c3 {[%clk 1:30:29]} g6
{[%clk 1:31:13]} 3. d4 {[%clk 1:30:44]} cxd4 {[%clk 1:31:28]} 4. cxd4
{[%clk 1:30:52]} d5 {[%clk 1:31:55]} 5. exd5 {[%clk 1:31:11]} Nf6
{[%clk 1:32:13]} 6. Bc4 {[%clk 1:31:26]} Bg7 {[%clk 1:31:25]} 7. Nf3
{[%clk 1:31:33]} O-O {[%clk 1:30:29]} 8. Nc3 {[%clk 1:30:35]} Nbd7
{[%clk 1:30:15]} 9. Bg5 {[%clk 1:22:25]} Nb6 {[%clk 1:29:53]} 10. Qb3
{[%clk 1:21:19]} Bf5 {[%clk 1:28:38]} 11. Bxf6 {[%clk 1:18:33]} Bxf6
{[%clk 1:28:52]} 12. O-O {[%clk 1:17:32]} Rc8 {[%clk 1:27:14]} 13. Be2
{[%clk 1:17:06]} Qd6 {[%clk 1:26:51]} 14. Rac1 {[%clk 1:14:17]} Rfd8
{[%clk 1:26:34]} 15. Rfd1 {[%clk 1:13:00]} Kg7 {[%clk 1:24:02]} 16. h3
{[%clk 1:04:51]} h5 {[%clk 1:21:08]} 17. Bd3 {[%clk 1:00:53]} Bxd3
{[%clk 1:10:56]} 18. Rxd3 {[%clk 1:01:12]} Rc4 {[%clk 1:04:20]} 19. a3
{[%clk 0:50:51]} Qc7 {[%clk 0:53:55]} 20. Re1 {[%clk 0:45:46]} Nxd5
{[%clk 0:54:07]} 21. Ne5 {[%clk 0:44:19]} Bxe5 {[%clk 0:50:37]} 22. dxe5
{[%clk 0:44:21]} Nb6 {[%clk 0:48:51]} 23. Qd1 {[%clk 0:38:36]} Rxd3
{[%clk 0:42:29]} 24. Qxd3 {[%clk 0:38:59]} Rf4 {[%clk 0:42:52]} 25. Qe3
{[%clk 0:34:19]} Qc4 {[%clk 0:38:02]} 26. Rd1 {[%clk 0:32:44]} Rf5
{[%clk 0:35:51]} 27. g3 {[%clk 0:22:32]} Qe6 {[%clk 0:29:33]} 28. f4
{[%clk 0:18:19]} Nc4 {[%clk 0:14:27]} 29. Qxa7 {[%clk 0:16:32]} h4
{[%clk 0:14:08]} 30. Ne2 {[%clk 0:15:21]} hxg3 {[%clk 0:12:41]} 31. Nd4
{[%clk 0:13:01]} Qc8 {[%clk 0:13:06]} 32. Nxf5+ {[%clk 0:09:40]} Qxf5
{[%clk 0:13:29]} 33. Rc1 {[%clk 0:03:36]} Qxf4 {[%clk 0:13:50]} 34. Rxc4
{[%clk 0:03:49]} Qxc4 {[%clk 0:12:38]} 35. Qxb7 {[%clk 0:03:42]} Qe2
{[%clk 0:12:14]} 36. Qg2 {[%clk 0:03:50]} Qe3+ {[%clk 0:12:21]} 37. Kh1
{[%clk 0:03:39]} Qe1+ {[%clk 0:12:37]} 38. Qg1 {[%clk 0:04:02]} Qxe5
{[%clk 0:13:03]} 39. Qc1 {[%clk 0:02:27]} Qe4+ {[%clk 0:12:54]} 40. Kg1
{[%clk 0:02:45]} Qd4+ {[%clk 0:13:21]} 41. Kh1 {[%clk 0:03:07]} e5
{[%clk 0:09:59]} 42. Qc2 {[%clk 0:02:57]} f5 {[%clk 0:10:00]} 43. Qc7+
{[%clk 0:02:39]} Kh6 {[%clk 0:10:24]} 44. Qe7 {[%clk 0:03:00]} Qe4+
{[%clk 0:10:46]} 0-1

[Event "Fajr-urmia"]
[Site "urmia"]
[Date "2015.02.21"]
[Round "6.5"]
[White "Khalili, Saeid"]
[Black "Mosadeghpour, Masoud"]
[Result "0-1"]
[LiveChessVersion "1.4.4"]
[BlackElo "2325"]
[WhiteElo "2109"]

1. d4 {[%clk 1:30:30]} Nf6 {[%clk 1:28:55]} 2. Nf3 {[%clk 1:30:52]} g6
{[%clk 1:29:19]} 3. c4 {[%clk 1:31:05]} Bg7 {[%clk 1:29:48]} 4. Nc3
{[%clk 1:31:28]} d5 {[%clk 1:30:15]} 5. Bf4 {[%clk 1:30:37]} O-O {[%clk 1:30:39]}
6. e3 {[%clk 1:30:14]} c5 {[%clk 1:31:01]} 7. dxc5 {[%clk 1:27:57]} Ne4
{[%clk 1:29:34]} 8. Be5 {[%clk 1:27:09]} Nxc3 {[%clk 1:27:13]} 9. Bxc3
{[%clk 1:27:17]} Bxc3+ {[%clk 1:25:42]} 10. bxc3 {[%clk 1:27:45]} Qa5
{[%clk 1:26:11]} 11. cxd5 {[%clk 1:25:36]} Qxc3+ {[%clk 1:24:21]} 12. Nd2
{[%clk 1:25:51]} Qxc5 {[%clk 1:24:15]} 13. Bc4 {[%clk 1:21:13]} b5
{[%clk 1:21:18]} 14. Bb3 {[%clk 1:21:34]} a5 {[%clk 1:20:45]} 15. e4
{[%clk 1:18:31]} Na6 {[%clk 1:15:35]} 16. a4 {[%clk 1:15:38]} bxa4
{[%clk 1:15:43]} 17. Bxa4 {[%clk 1:15:20]} Nb4 {[%clk 1:16:12]} 18. O-O
{[%clk 1:14:46]} Ba6 {[%clk 1:16:31]} 19. Nb3 {[%clk 1:08:10]} Qc3
{[%clk 1:11:19]} 20. Qc1 {[%clk 1:05:36]} Qf6 {[%clk 0:58:06]} 21. Rd1
{[%clk 1:04:33]} Be2 {[%clk 0:40:08]} 22. Rd4 {[%clk 1:04:46]} Rfc8
{[%clk 0:34:14]} 23. Bc6 {[%clk 0:57:55]} Nxc6 {[%clk 0:33:48]} 24. dxc6
{[%clk 0:58:14]} Rxc6 {[%clk 0:33:03]} 25. Qd2 {[%clk 0:53:14]} Bc4
{[%clk 0:22:21]} 26. Rxa5 {[%clk 0:37:04]} Rac8 {[%clk 0:22:30]} 27. e5
{[%clk 0:35:09]} Qf5 {[%clk 0:21:10]} 28. Rd8+ {[%clk 0:28:33]} Kg7
{[%clk 0:21:39]} 29. Rxc8 {[%clk 0:28:30]} Rxc8 {[%clk 0:21:10]} 30. Nc1
{[%clk 0:24:28]} Qb1 {[%clk 0:21:29]} 31. Qc3 {[%clk 0:24:16]} Rd8
{[%clk 0:19:40]} 32. Qe1 {[%clk 0:23:26]} Qc2 {[%clk 0:19:47]} 33. Nd3
{[%clk 0:21:26]} Rxd3 {[%clk 0:19:52]} 34. Ra1 {[%clk 0:21:45]} Bb3
{[%clk 0:20:17]} 35. h3 {[%clk 0:21:32]} Rd1 {[%clk 0:20:41]} 36. Rxd1
{[%clk 0:21:46]} Qxd1 {[%clk 0:21:08]} 37. Qxd1 {[%clk 0:21:46]} Bxd1
{[%clk 0:21:36]} 38. f4 {[%clk 0:21:32]} g5 {[%clk 0:21:58]} 39. f5
{[%clk 0:20:31]} g4 {[%clk 0:22:27]} 40. Kf2 {[%clk 0:20:44]} gxh3
{[%clk 0:22:53]} 0-1

[Event "Fajr-urmia"]
[Site "urmia"]
[Date "2015.02.21"]
[Round "6.6"]
[White "Grabliauskas, Virginijus"]
[Black "Heydari, Gholamreza"]
[Result "1-0"]
[LiveChessVersion "1.4.4"]
[BlackElo "2112"]
[WhiteElo "2323"]

1. c4 {[%clk 1:30:08]} Nf6 {[%clk 1:29:11]} 2. Nc3 {[%clk 1:30:30]} c5
{[%clk 1:28:08]} 3. g3 e6 {[%clk 1:24:20]} 4. Bg2 {[%clk 1:28:27]} d5
{[%clk 1:21:29]} 5. cxd5 {[%clk 1:27:47]} exd5 {[%clk 1:20:31]} 6. d3
{[%clk 1:25:21]} d4 {[%clk 1:12:05]} 7. Ne4 {[%clk 1:11:12]} Be7 {[%clk 1:12:01]}
8. Nxf6+ {[%clk 1:09:28]} Bxf6 {[%clk 1:12:17]} 9. Nh3 {[%clk 1:07:55]} O-O
{[%clk 1:10:34]} 10. Nf4 {[%clk 1:05:46]} Nc6 {[%clk 1:07:25]} 11. O-O
{[%clk 1:02:28]} Re8 {[%clk 1:02:38]} 12. Bd2 {[%clk 1:01:11]} Qd6
{[%clk 0:53:50]} 13. Rc1 {[%clk 0:58:04]} Bd7 {[%clk 0:53:05]} 14. Nd5
{[%clk 0:48:56]} b6 {[%clk 0:45:37]} 15. a3 {[%clk 0:39:53]} Rac8
{[%clk 0:43:53]} 16. b4 {[%clk 0:39:21]} Ne7 {[%clk 0:42:21]} 17. Nxf6+
{[%clk 0:37:19]} Qxf6 {[%clk 0:42:30]} 18. bxc5 {[%clk 0:34:15]} bxc5
{[%clk 0:42:41]} 19. e3 {[%clk 0:29:05]} Bb5 {[%clk 0:33:43]} 20. exd4
{[%clk 0:27:53]} Bxd3 {[%clk 0:24:56]} 21. Re1 {[%clk 0:28:15]} Qxd4
{[%clk 0:23:37]} 22. Be3 {[%clk 0:24:58]} Qd6 {[%clk 0:23:52]} 23. Bxc5
{[%clk 0:17:57]} Rxc5 {[%clk 0:24:20]} 24. Rxc5 {[%clk 0:18:16]} Qxc5
{[%clk 0:24:46]} 25. Qxd3 {[%clk 0:18:41]} Rf8 {[%clk 0:19:00]} 26. Qe3
{[%clk 0:18:05]} Qxe3 {[%clk 0:18:49]} 27. Rxe3 {[%clk 0:18:34]} Ng6
{[%clk 0:18:27]} 28. h4 {[%clk 0:08:18]} Rd8 {[%clk 0:18:31]} 29. h5
{[%clk 0:08:22]} Nf8 {[%clk 0:18:56]} 30. Bh3 {[%clk 0:04:08]} Rd5
{[%clk 0:18:53]} 31. Bg4 {[%clk 0:03:30]} h6 {[%clk 0:17:35]} 32. Kf1
{[%clk 0:02:52]} Ne6 {[%clk 0:14:55]} 33. Rxe6 {[%clk 0:02:55]} 1-0

[Event "Fajr-urmia"]
[Site "urmia"]
[Date "2015.02.21"]
[Round "6.7"]
[White "Tarazooyeadl, Mojtaba"]
[Black "Derakhshani, Borna"]
[Result "1/2-1/2"]
[LiveChessVersion "1.4.4"]
[BlackElo "2081"]
[WhiteElo "2210"]

1. e4 {[%clk 1:30:54]} e5 {[%clk 1:29:32]} 2. Nc3 {[%clk 1:30:27]} Nf6
{[%clk 1:29:56]} 3. Nf3 {[%clk 1:30:46]} Nc6 {[%clk 1:30:20]} 4. Bb5
{[%clk 1:30:29]} Bb4 {[%clk 1:30:37]} 5. d3 {[%clk 1:30:40]} d6 {[%clk 1:30:51]}
6. O-O {[%clk 1:30:52]} O-O {[%clk 1:31:00]} 7. Bg5 {[%clk 1:29:37]} Bxc3
{[%clk 1:30:48]} 8. bxc3 {[%clk 1:30:02]} Qe7 {[%clk 1:30:48]} 9. h3
{[%clk 1:27:56]} Nd8 {[%clk 1:29:49]} 10. Re1 {[%clk 1:17:30]} Ne6
{[%clk 1:28:07]} 11. Bc1 {[%clk 1:16:37]} c5 {[%clk 1:26:35]} 12. Bc4
{[%clk 1:05:13]} Rd8 {[%clk 1:24:29]} 13. Rb1 {[%clk 1:03:21]} h6
{[%clk 1:22:59]} 14. Nh4 {[%clk 0:57:50]} Nf8 {[%clk 1:22:18]} 15. Qf3
{[%clk 0:55:08]} Kh7 {[%clk 1:20:03]} 16. Be3 {[%clk 0:47:12]} Rb8
{[%clk 1:17:34]} 17. a4 {[%clk 0:40:18]} Ng6 {[%clk 1:13:48]} 18. Nf5
{[%clk 0:38:15]} Bxf5 {[%clk 1:13:39]} 19. Qxf5 {[%clk 0:38:22]} Kh8
{[%clk 1:12:02]} 20. g3 {[%clk 0:37:54]} Rf8 {[%clk 1:10:59]} 21. Bd2
{[%clk 0:35:58]} Nh7 {[%clk 1:05:38]} 22. h4 {[%clk 0:34:55]} Qe8
{[%clk 1:01:26]} 23. a5 {[%clk 0:33:40]} Ne7 {[%clk 1:00:39]} 24. Qf3
{[%clk 0:34:00]} f5 {[%clk 0:59:47]} 25. exf5 {[%clk 0:32:06]} Rxf5
{[%clk 0:55:14]} 26. Qg2 {[%clk 0:32:06]} Qd7 {[%clk 0:53:34]} 27. f4
{[%clk 0:31:24]} Ng6 {[%clk 0:50:49]} 28. Bd5 {[%clk 0:30:08]} Nf6
{[%clk 0:48:43]} 29. Bc6 Qc7 {[%clk 0:48:27]} 30. Qh3 {[%clk 0:17:47]} Ne7 31.
Bf3 {[%clk 0:17:55]} h5 {[%clk 0:43:15]} 32. c4 {[%clk 0:15:57]} b6
{[%clk 0:37:33]} 33. axb6 {[%clk 0:15:55]} axb6 {[%clk 0:37:32]} 34. Ra1
{[%clk 0:13:31]} Rf8 {[%clk 0:36:13]} 35. Ra6 {[%clk 0:11:54]} d5
{[%clk 0:35:32]} 36. cxd5 {[%clk 0:11:25]} Nfxd5 {[%clk 0:35:41]} 37. Be4
{[%clk 0:11:06]} exf4 {[%clk 0:31:59]} 38. Bxf5 {[%clk 0:11:10]} Nxf5
{[%clk 0:32:16]} 39. Ra8 {[%clk 0:07:51]} Rxa8 {[%clk 0:31:47]} 40. Qxf5
{[%clk 0:08:20]} Nf6 {[%clk 0:30:54]} 41. Bxf4 {[%clk 0:08:47]} Qc6
{[%clk 0:29:46]} 42. Be5 {[%clk 0:06:32]} Re8 {[%clk 0:27:04]} 43. Rf1
{[%clk 0:06:46]} Kg8 {[%clk 0:23:09]} 44. Bxf6 {[%clk 0:03:07]} Qxf6
{[%clk 0:23:33]} 45. Qxf6 {[%clk 0:02:21]} gxf6 {[%clk 0:24:02]} 46. Rxf6
{[%clk 0:02:50]} Re2 {[%clk 0:24:18]} 47. Rxb6 {[%clk 0:02:36]} Rxc2
{[%clk 0:24:46]} 48. Rg6+ {[%clk 0:02:46]} Kh7 {[%clk 0:24:57]} 49. Rg5
{[%clk 0:02:57]} Kh6 {[%clk 0:25:26]} 50. Kf1 {[%clk 0:02:53]} c4
{[%clk 0:25:23]} 51. dxc4 {[%clk 0:00:45]} 1/2-1/2

[Event "Fajr-urmia"]
[Site "urmia"]
[Date "2015.02.21"]
[Round "6.8"]
[White "Gholami Orimi, Mahdi"]
[Black "Derakhshani, Dorsa"]
[Result "1/2-1/2"]
[LiveChessVersion "1.4.4"]
[BlackElo "2209"]
[WhiteElo "1925"]

1. d4 {[%clk 1:30:57]} Nf6 {[%clk 1:29:58]} 2. c4 {[%clk 1:31:18]} e6
{[%clk 1:30:21]} 3. Nc3 {[%clk 1:31:38]} Bb4 {[%clk 1:30:43]} 4. Qc2
{[%clk 1:32:00]} O-O {[%clk 1:31:09]} 5. a3 {[%clk 1:32:17]} Bxc3+
{[%clk 1:31:35]} 6. Qxc3 {[%clk 1:32:39]} b6 {[%clk 1:32:04]} 7. Bg5
{[%clk 1:32:46]} h6 {[%clk 1:32:12]} 8. Bh4 {[%clk 1:28:36]} Ba6 {[%clk 1:32:37]}
9. e3 {[%clk 1:28:15]} d5 {[%clk 1:33:03]} 10. Be2 {[%clk 1:10:26]} Ne4
{[%clk 1:23:16]} 11. Bxd8 {[%clk 1:08:20]} Nxc3 {[%clk 1:23:40]} 12. Bxc7
{[%clk 1:05:02]} Nxe2 {[%clk 1:24:05]} 13. Nxe2 {[%clk 1:03:29]} dxc4
{[%clk 1:24:30]} 14. Bxb8 {[%clk 0:58:14]} Raxb8 {[%clk 1:24:12]} 15. Kd2
{[%clk 0:57:34]} Rfd8 {[%clk 1:19:16]} 16. Rhc1 {[%clk 0:55:04]} b5
{[%clk 1:15:10]} 17. Ke1 {[%clk 0:51:50]} g5 {[%clk 1:02:59]} 18. f3
{[%clk 0:40:32]} f5 {[%clk 0:52:52]} 19. Kf2 {[%clk 0:39:09]} Rd7
{[%clk 0:44:46]} 20. Rd1 {[%clk 0:34:53]} Bb7 {[%clk 0:41:44]} 21. Rd2
{[%clk 0:23:56]} a5 {[%clk 0:38:00]} 22. Rc1 {[%clk 0:18:15]} Ba6
{[%clk 0:30:09]} 23. e4 {[%clk 0:17:30]} fxe4 {[%clk 0:25:44]} 24. fxe4
{[%clk 0:17:46]} b4 {[%clk 0:21:04]} 25. axb4 {[%clk 0:17:21]} axb4
{[%clk 0:21:26]} 26. Ke3 {[%clk 0:15:19]} Rc7 {[%clk 0:15:42]} 27. Ng3
{[%clk 0:11:24]} c3 {[%clk 0:12:39]} 28. bxc3 {[%clk 0:11:35]} bxc3
{[%clk 0:13:01]} 29. Rdc2 {[%clk 0:11:18]} Rb3 {[%clk 0:13:27]} 30. Ne2
{[%clk 0:10:31]} Bxe2 {[%clk 0:13:46]} 31. Kxe2 {[%clk 0:10:57]} Rc4
{[%clk 0:13:59]} 32. Ke3 {[%clk 0:04:01]} Rbb4 {[%clk 0:12:54]} 33. Rxc3
{[%clk 0:04:08]} Rxd4 {[%clk 0:13:17]} 34. Rc8+ {[%clk 0:03:39]} Kg7
{[%clk 0:13:40]} 35. R1c7+ {[%clk 0:01:19]} Kg6 {[%clk 0:13:52]} 36. Rg8+
{[%clk 0:00:46]} Kh5 {[%clk 0:12:42]} 37. Rh8 {[%clk 0:00:43]} Rxe4+
{[%clk 0:13:06]} 38. Kd3 {[%clk 0:01:09]} Rbd4+ {[%clk 0:12:45]} 39. Kc3
{[%clk 0:01:32]} Rd6 {[%clk 0:09:16]} 40. h3 {[%clk 0:00:57]} g4 {[%clk 0:06:53]}
41. Rc5+ {[%clk 0:00:43]} Rd5 {[%clk 0:05:32]} 42. Rxd5+ {[%clk 0:01:05]} exd5
{[%clk 0:06:00]} 43. hxg4+ {[%clk 0:01:06]} Rxg4 {[%clk 0:06:22]} 44. Rd8
{[%clk 0:01:09]} Rxg2 {[%clk 0:04:17]} 45. Rxd5+ {[%clk 0:01:34]} Kg4
{[%clk 0:03:43]} 46. Kd3 {[%clk 0:01:33]} Rf2 {[%clk 0:04:02]} 47. Ke3
{[%clk 0:01:38]} Rf6 {[%clk 0:04:07]} 48. Rd8 {[%clk 0:01:23]} h5
{[%clk 0:04:32]} 49. Rg8+ {[%clk 0:01:08]} Kh3 {[%clk 0:04:53]} 50. Ke2
{[%clk 0:00:55]} Rf4 {[%clk 0:02:57]} 51. Rg1 {[%clk 0:01:01]} Kh2
{[%clk 0:03:00]} 52. Rf1 {[%clk 0:01:15]} Rg4 {[%clk 0:03:03]} 53. Rf2+
{[%clk 0:01:31]} Kh3 {[%clk 0:02:35]} 54. Rf3+ {[%clk 0:01:56]} Rg3
{[%clk 0:02:31]} 55. Rf1 {[%clk 0:01:36]} Rg2+ {[%clk 0:02:34]} 56. Kf3
{[%clk 0:01:37]} Rh2 {[%clk 0:02:11]} 57. Rg1 {[%clk 0:02:01]} h4
{[%clk 0:02:36]} 58. Rf1 {[%clk 0:02:21]} Rg2 {[%clk 0:01:49]} 59. Rh1+
{[%clk 0:02:49]} Rh2 {[%clk 0:02:14]} 60. Rxh2+ {[%clk 0:03:11]} 1/2-1/2

[Event "Fajr-urmia"]
[Site "urmia"]
[Date "2015.02.21"]
[Round "6.10"]
[White "Ghaffarifar, Matin"]
[Black "Bagheri, Maziar"]
[Result "1-0"]
[LiveChessVersion "1.4.4"]
[BlackElo "2188"]
[WhiteElo "1882"]

1. d4 {[%clk 1:30:55]} Nf6 {[%clk 1:30:54]} 2. c4 {[%clk 1:31:11]} e6
{[%clk 1:31:13]} 3. Nc3 {[%clk 1:31:30]} Bb4 {[%clk 1:31:37]} 4. Qc2
{[%clk 1:31:52]} O-O {[%clk 1:31:56]} 5. e4 {[%clk 1:32:04]} d6 {[%clk 1:32:12]}
6. e5 {[%clk 1:32:10]} Nfd7 {[%clk 1:28:03]} 7. Nf3 {[%clk 1:32:18]} c5
{[%clk 1:26:51]} 8. a3 {[%clk 1:28:58]} cxd4 {[%clk 1:21:07]} 9. axb4
{[%clk 1:28:47]} dxc3 {[%clk 1:21:32]} 10. exd6 {[%clk 1:24:13]} Qb6
{[%clk 1:17:37]} 11. bxc3 {[%clk 1:22:49]} Qxd6 {[%clk 1:17:49]} 12. c5
{[%clk 1:22:51]} Qe7 {[%clk 1:10:28]} 13. Bd3 {[%clk 1:22:11]} h6
{[%clk 1:09:27]} 14. O-O {[%clk 1:22:00]} Nc6 {[%clk 1:04:58]} 15. Re1
{[%clk 1:19:37]} Re8 {[%clk 0:59:55]} 16. Bf4 {[%clk 1:11:00]} Qf6
{[%clk 0:52:23]} 17. Bc7 {[%clk 1:10:35]} Ne7 {[%clk 0:52:16]} 18. Nd2
{[%clk 1:08:05]} Nd5 {[%clk 0:49:50]} 19. Ne4 {[%clk 1:08:02]} Qe7
{[%clk 0:49:31]} 20. Bg3 {[%clk 1:03:34]} Rd8 {[%clk 0:45:54]} 21. Qb3
{[%clk 0:57:56]} a5 {[%clk 0:42:02]} 22. Bc4 {[%clk 0:54:20]} N7f6
{[%clk 0:38:57]} 23. Nd6 {[%clk 0:54:10]} Qf8 {[%clk 0:34:59]} 24. Rxa5
{[%clk 0:42:22]} Rxa5 {[%clk 0:34:03]} 25. bxa5 {[%clk 0:42:51]} Rd7
{[%clk 0:29:04]} 26. Bb5 {[%clk 0:41:51]} Rd8 {[%clk 0:27:35]} 27. c4
{[%clk 0:38:40]} Ne7 {[%clk 0:27:21]} 28. Ba4 Nd7 {[%clk 0:25:33]} 29. Qb5
{[%clk 0:35:09]} e5 {[%clk 0:22:50]} 30. Rd1 {[%clk 0:31:40]} Nc6
{[%clk 0:19:43]} 31. Nxc8 {[%clk 0:27:28]} Nd4 {[%clk 0:19:56]} 32. Rxd4
{[%clk 0:24:37]} exd4 {[%clk 0:18:49]} 33. Bd6 {[%clk 0:24:59]} Qe8
{[%clk 0:18:48]} 34. Ne7+ {[%clk 0:25:20]} Kh8 {[%clk 0:19:11]} 35. Qb2
{[%clk 0:21:52]} d3 {[%clk 0:18:40]} 36. Qd4 {[%clk 0:21:41]} f5 {[%clk 0:17:06]}
37. h3 {[%clk 0:17:14]} Qf7 {[%clk 0:17:03]} 38. Nd5 {[%clk 0:15:39]} Ra8
{[%clk 0:13:21]} 39. Bxd7 {[%clk 0:14:25]} Qxd7 {[%clk 0:13:47]} 40. Qxd3
{[%clk 0:13:49]} Rxa5 {[%clk 0:14:16]} 41. Qd4 {[%clk 0:13:51]} Ra2
{[%clk 0:13:29]} 42. Ne7 {[%clk 0:12:38]} Qe6 {[%clk 0:11:04]} 43. Qe5
{[%clk 0:11:46]} Qxe5 {[%clk 0:07:18]} 44. Bxe5 {[%clk 0:12:14]} Rc2
{[%clk 0:07:41]} 45. Nxf5 {[%clk 0:12:04]} Rxc4 {[%clk 0:08:10]} 46. Bxg7+
{[%clk 0:12:25]} Kh7 {[%clk 0:08:35]} 47. Bd4 {[%clk 0:12:09]} Kg6
{[%clk 0:07:38]} 48. g4 {[%clk 0:12:33]} h5 {[%clk 0:08:05]} 49. Kg2
{[%clk 0:12:50]} Ra4 {[%clk 0:06:53]} 50. Kg3 {[%clk 0:12:54]} hxg4
{[%clk 0:04:30]} 51. hxg4 {[%clk 0:13:18]} Rb4 {[%clk 0:04:52]} 52. Be3
{[%clk 0:13:40]} Rb3 {[%clk 0:05:17]} 53. Nd6 {[%clk 0:13:49]} Kf6
{[%clk 0:05:39]} 54. g5+ {[%clk 0:13:54]} Kg6 {[%clk 0:06:08]} 55. Kg4
{[%clk 0:14:07]} Kh7 {[%clk 0:05:57]} 56. Kf5 {[%clk 0:14:29]} Kg8
{[%clk 0:06:13]} 57. g6 {[%clk 0:14:51]} Rb1 {[%clk 0:06:20]} 58. f4
{[%clk 0:14:58]} Rb3 {[%clk 0:06:30]} 59. Bd4 {[%clk 0:15:17]} Rb4
{[%clk 0:06:55]} 60. Ke5 {[%clk 0:15:37]} Kf8 {[%clk 0:07:06]} 61. f5
{[%clk 0:16:01]} 1-0